KK Bosna 1979 Squad Quiz - Statistics

General Stats
  • This quiz has been taken 13 times
  • The average score is 6 of 14
Answer Stats
% Correct
12 Mirza Delibašić
100%
Dvorana Skenderija
50%
14 Sabit Hadžić
50%
5 Anto Đogić
33%
Bogdan Tanjević
33%
4 Borislav Vučević
33%
7 Boško Bosiočić
33%
10 Dragan Zrno
33%
8 Nihad Izić
33%
6 Predrag Benaček
33%
9 Ratko Radovanović
33%
13 Sabahudin Bilalović
33%
15 Svetislav Pešić
33%
11 Žarko Varajić
33%
No matching quizzes found
Score Distribution
Percent of People with Each Score
Percentile by Number Answered
Your Score History
You have not taken this quiz